Thermodynamics (Record no. 7801)

000 -LEADER
fixed length control field 00495nam a22002057a 4500
001 - CONTROL NUMBER
control field 7801
003 - CONTROL NUMBER IDENTIFIER
control field BD-DhUET
008 - FIXED-LENGTH DATA ELEMENTS--GENERAL INFORMATION
fixed length control field 141212b xxu||||| |||| 00| 0 eng d
040 ## - CATALOGING SOURCE
Transcribing agency 0
Modifying agency BD-DhUET
082 ## - DEWEY DECIMAL CLASSIFICATION NUMBER
Classification number 621.01
Item number OBE/1963
100 ## - MAIN ENTRY--PERSONAL NAME
Personal name Obert, Edward F.
245 ## - TITLE STATEMENT
Title Thermodynamics
250 ## - EDITION STATEMENT
Edition statement 2nd ed.
260 ## - PUBLICATION, DISTRIBUTION, ETC. (IMPRINT)
Place of publication, distribution, etc. New York
Name of publisher, distributor, etc. McGraw-Hill Book
Date of publication, distribution, etc. 1963
300 ## - PHYSICAL DESCRIPTION
Extent xxi,596p.
504 ## - BIBLIOGRAPHY, ETC. NOTE
Bibliography, etc Includes bibliographies
650 #0 - SUBJECT ADDED ENTRY--TOPICAL TERM
Topical term or geographic name as entry element Thermodynamics
700 ## - ADDED ENTRY--PERSONAL NAME
Personal name Gaggioli, Richard A.
942 ## - ADDED ENTRY ELEMENTS (KOHA)
Koha item type General Book
Holdings
Date acquired Sublocation or collection (holding branch) Koha date last seen Copy number Shelving location Withdrawn status Lost status Location (home branch) Price effective from Damaged status Piece designation (barcode) Not for loan Koha normalized classification for sorting Koha full call number Source of classification or shelving scheme Koha item type
2014-12-12Central Library, BUET2014-12-121Circulation section  Central Library, BUET2014-12-12 6402 621_010000000000000_OBE_1963621.01/OBE/1963 General Book
2014-12-12Central Library, BUET2014-12-122Circulation section  Central Library, BUET2014-12-12 6403 621_010000000000000_OBE_1963621.01/OBE/1963 General Book
2014-12-12Central Library, BUET2014-12-123Circulation section  Central Library, BUET2014-12-12 15731 621_010000000000000_OBE_1963621.01/OBE/1963 General Book
2014-12-12Central Library, BUET2014-12-124Circulation section  Central Library, BUET2014-12-12 18703 621_010000000000000_OBE_1963621.01/OBE/1963 General Book
2014-12-12Central Library, BUET2014-12-125Circulation section  Central Library, BUET2014-12-12 18706 621_010000000000000_OBE_1963621.01/OBE/1963 General Book
2014-12-12Central Library, BUET2014-12-126Circulation section  Central Library, BUET2014-12-12 18708 621_010000000000000_OBE_1963621.01/OBE/1963 General Book
2014-12-12Central Library, BUET2014-12-127Circulation section  Central Library, BUET2014-12-12 18705 621_010000000000000_OBE_1963621.01/OBE/1963 General Book
2014-12-12Central Library, BUET2014-12-128Circulation section  Central Library, BUET2014-12-12 18702 621_010000000000000_OBE_1963621.01/OBE/1963 General Book
2015-04-12Central Library, BUET2015-04-129Circulation section  Central Library, BUET2015-04-12 18707 621_010000000000000_OBE_1963621.01/OBE/1963 General Book